000 00969nam a2200325Ia 4500
003 GCL
008 140319s9999 xx 000 0 ara d
040 _aGCL /
_cGCL
082 0 4 _aق
_b962.074
_bح س
100 1 _aحمدى الكنيسى
245 1 0 _aالساعة 2.05 بدا الطوفان /
_cحمدى الكنيسى
260 _a[S.N] :
_bدار المعارف ،
_c1977
300 _a618 ص
490 _a
650 0 4 _aالعصر الحديث
650 0 4 _aمصر
650 0 4 _aتاريخ
650 0 4 _aسوريا
650 0 4 _aاسرائيل
650 0 4 _aالسياسة الخارجية
650 0 4 _aالبترول
650 0 4 _aالمدافع
650 0 4 _aالجيش المصرى
650 0 4 _aالحروب العربية الاسرائيلية
650 0 4 _aالقوات الجوية
650 0 4 _aالقوات المسلحة
650 0 4 _aالبترول العربى
650 0 4 _aحرب اكتوبر 1973
942 _2ddc
_cBK
999 _c37121
_d37121